[Event "BUL-chT"]
[Site "Borovetz"]
[Date "2002.09.25"]
[Round "7"]
[White "Panaiotov, Janko"]
[Black "Banchev, Borislav"]
[Result "1/2-1/2"]
[WhiteElo "2303"]
[BlackElo "2282"]
[PlyCount "20"]
[EventDate "2002.09.19"]
[EventType "team-tourn"]
[EventRounds "7"]
[EventCountry "BUL"]
[SourceTitle "EXT 2006"]
[Source "ChessBase"]
[SourceDate "2005.11.24"]
[SourceVersion "1"]
[SourceVersionDate "2005.11.24"]
[SourceQuality "1"]

1. d4 d5 2. c4 e6 3. Nc3 Nf6 4. cxd5 exd5 5. Bg5 Be7 6. e3 c6 7. Bd3 0-0 8. Nf3 Nbd7 9. 0-0 Re8 10. Qc2 Nf8 1/2-1/2

[Event "BUL-chT"]
[Site "Borovetz"]
[Date "2002.09.21"]
[Round "3"]
[White "Simeonov, Stefan"]
[Black "Banchev, Borislav"]
[Result "1-0"]
[WhiteElo "2341"]
[BlackElo "2282"]
[PlyCount "63"]
[EventDate "2002.09.19"]
[EventType "team-tourn"]
[EventRounds "7"]
[EventCountry "BUL"]
[SourceTitle "EXT 2006"]
[Source "ChessBase"]
[SourceDate "2005.11.24"]
[SourceVersion "1"]
[SourceVersionDate "2005.11.24"]
[SourceQuality "1"]

1. e4 e6 2. d4 d5 3. e5 c5 4. c3 Nc6 5. Nf3 Qb6 6. a3 Bd7 7. b4 cxd4 8. cxd4 Rc8 9. Bb2 Na5 10. Nbd2 Nc4 11. Nxc4 dxc4 12. Rc1 a5 13. Bxc4 axb4 14. a4 Ne7 15. 0-0 Qa5 16. Ng5 Bc6 17. Qh5 g6 18. Qg4 h5 19. Qf4 Nf5 20. d5 exd5 21. e6 Bd6 22. Be5 dxc4 23. exf7+ Kd7 24. Rfd1 Bd5 25. Bxd6 Nxd6 26. Ne4 Nxe4 27. Qxe4 Kd6 28. Qf4+ Kd7 29. Qe5 Kc6 30. Rxc4+ Kb6 31. Rxd5 Rxc4 32. Rb5+ 1-0

[Event "BUL-chT"]
[Site "Varna"]
[Date "1995.??.??"]
[Round "3"]
[White "Kuzev, Borislav"]
[Black "Banchev, Borislav"]
[Result "1-0"]
[WhiteElo "2210"]
[BlackElo "2220"]
[PlyCount "79"]
[EventDate "1995.??.??"]
[EventType "team"]
[EventRounds "7"]
[EventCountry "BUL"]
[SourceTitle "EXT 2002"]
[Source "ChessBase"]
[SourceDate "2001.11.25"]
[SourceVersion "1"]
[SourceVersionDate "2001.11.25"]
[SourceQuality "1"]

1. c4 e6 2. Nf3 Nf6 3. g3 b6 4. Bg2 Bb7 5. 0-0 Be7 6. b3 0-0 7. Bb2 d5 8. e3 c5 9. Qe2 Nc6 10. Rd1 Rc8 11. d3 Qc7 12. Nc3 Rfd8 13. Rac1 Qb8 14. cxd5 exd5 15. d4 c4 16. Bh3 Nd7 17. Nxd5 Bf8 18. bxc4 Ba6 19. Bf5 h6 20. Bd3 g6 21. h4 Bg7 22. h5 g5 23. Nd2 Nc5 24. dxc5 Bxb2 25. Rb1 Bg7 26. Be4 Kh8 27. Qf3 Ne5 28. Qf5 Kg8 29. cxb6 Kf8 30. Nc7 Rxc7 31. bxc7 Qxc7 32. Bd5 Bc8 33. Qe4 Re8 34. Qc2 Bg4 35. Rb7 Qc8 36. f4 Bxd1 37. Qxd1 Qh3 38. Nf1 gxf4 39. gxf4 Ng4 40. Qf3 1-0

[Event "BUL-chT"]
[Site "Bankia"]
[Date "1992.??.??"]
[Round "3"]
[White "Banchev, Borislav"]
[Black "Dolmadjan, Arshak"]
[Result "1-0"]
[WhiteElo "2220"]
[BlackElo "2360"]
[PlyCount "57"]
[EventDate "1992.??.??"]
[EventType "team"]
[EventRounds "11"]
[EventCountry "BUL"]
[SourceTitle "EXT 1998"]
[Source "ChessBase"]
[SourceDate "1997.11.17"]
[SourceVersion "1"]
[SourceVersionDate "1997.11.17"]
[SourceQuality "1"]

1. d4 d5 2. Nf3 Nf6 3. Bg5 c6 4. Nbd2 Bf5 5. e3 Nbd7 6. Be2 h6 7. Bh4 e6 8. 0-0 Be7 9. c4 0-0 10. c5 e5 11. Bg3 exd4 12. exd4 Nh5 13. Qb3 Nxg3 14. hxg3 Qc7 15. Bd3 Be6 16. Qc2 Bf6 17. Rfe1 Rfe8 18. Re2 Bg4 19. Rae1 Rxe2 20. Rxe2 Bxd4 21. Nxd4 Bxe2 22. Bxe2 Qa5 23. N2b3 Qxa2 24. Nc1 Qa5 25. Nd3 Re8 26. Nf5 Nf6 27. b4 Qa1+ 28. Kh2 b5 29. Bf3 1-0

[Event "Bankia tt"]
[Site "Bankia"]
[Date "1992.??.??"]
[Round "6"]
[White "Ninov, Kiril"]
[Black "Banchev, Borislav"]
[Result "1-0"]
[WhiteElo "2395"]
[BlackElo "2220"]
[PlyCount "55"]
[EventDate "1992.??.??"]
[EventType "team"]
[EventRounds "7"]
[EventCountry "BUL"]
[SourceTitle "EXT 1997"]
[Source "ChessBase"]
[SourceDate "1996.11.15"]
[SourceVersion "1"]
[SourceVersionDate "1996.11.15"]
[SourceQuality "1"]

1. Nf3 d5 2. c4 e6 3. g3 Nf6 4. Bg2 Be7 5. d4 0-0 6. Nc3 b6 7. 0-0 Bb7 8. Ne5 Na6 9. cxd5 exd5 10. Bf4 c5 11. dxc5 bxc5 12. Nc4 Ne4 13. Bxe4 dxe4 14. Qb3 Qc8 15. Na5 Nb4 16. Nxb7 Qxb7 17. Qa4 Rac8 18. Rad1 Rfd8 19. a3 Nd5 20. Nxd5 Rxd5 21. Qc4 Rxd1 22. Rxd1 Bf6 23. b4 h5 24. Qd5 Qxd5 25. Rxd5 h4 26. gxh4 Bxh4 27. b5 Kf8 28. Rh5 1-0

[Event "BUL-chT"]
[Site "Bankia"]
[Date "1991.??.??"]
[Round "5"]
[White "Angelov, Kosta"]
[Black "Banchev, Borislav"]
[Result "1-0"]
[WhiteElo "2290"]
[BlackElo "2245"]
[PlyCount "81"]
[EventDate "1991.??.??"]
[EventType "team"]
[EventRounds "8"]
[EventCountry "BUL"]
[SourceTitle "EXT 1998"]
[Source "ChessBase"]
[SourceDate "1997.11.17"]
[SourceVersion "1"]
[SourceVersionDate "1997.11.17"]
[SourceQuality "1"]

1. e4 e6 2. d4 d5 3. exd5 exd5 4. Nf3 Nf6 5. c4 Be7 6. Nc3 0-0 7. cxd5 Nxd5 8. Bd3 Be6 9. 0-0 c6 10. a3 Nd7 11. Re1 N7f6 12. Ng5 Nxc3 13. bxc3 Bg4 14. Qb3 Qc7 15. h3 Bh5 16. Bd2 Bg6 17. Bxg6 hxg6 18. Re3 Nd5 19. Re4 Bxg5 20. Bxg5 b5 21. Rae1 Qd7 22. c4 bxc4 23. Qxc4 Rfe8 24. Qa6 Rxe4 25. Rxe4 Rb8 26. Re1 Rb2 27. Rc1 Qf5 28. Bh4 Nf4 29. Re1 Qd5 30. Qc8+ Kh7 31. Qg4 Qxd4 32. Kh2 Ne6 33. Re4 Qd5 34. Bg3 Kg8 35. Re5 Qd7 36. Ra5 c5 37. Qe4 Qb7 38. Qa4 Nd4 39. Qe8+ Kh7 40. Rxc5 Ne6 41. Rc8 1-0

[Event "BUL-ch 22nd"]
[Site "Pazardzik"]
[Date "1991.??.??"]
[Round "3"]
[White "Banchev, Borislav"]
[Black "Djonev, Svetozar"]
[Result "1-0"]
[WhiteElo "2245"]
[BlackElo "2225"]
[PlyCount "88"]
[EventDate "1991.??.??"]
[EventType "swiss"]
[EventRounds "10"]
[EventCountry "BUL"]
[SourceTitle "TD"]
[Source "ChessBase"]
[SourceDate "1994.03.01"]
[SourceVersion "1"]
[SourceVersionDate "1994.03.01"]
[SourceQuality "1"]

1. d4 Nf6 2. Nf3 c5 3. c3 b6 4. Bg5 Ne4 5. Bh4 Bb7 6. Nbd2 Nxd2 7. Qxd2 g6 8. d5 d6 9. e4 Bg7 10. Bb5+ Nd7 11. 0-0 0-0 12. Rfe1 a6 13. Bf1 b5 14. a4 bxa4 15. Rxa4 Re8 16. Rea1 Qb6 17. Bc4 Nf6 18. Qe2 Reb8 19. Bg5 Bc8 20. Bc1 a5 21. Nd2 Bd7 22. R4a3 a4 23. Bb3 Bb5 24. Qd1 Bh6 25. Bc2 Ra6 26. c4 Bd7 27. b3 Qb4 28. bxa4 Qb7 29. f3 Qa7 30. Nb3 Bg7 31. a5 Rb4 32. Bd2 Rxc4 33. Bd3 Bb5 34. Qe2 Rxe4 35. fxe4 Bxd3 36. Qxd3 c4+ 37. Qe3 Qxe3+ 38. Bxe3 cxb3 39. Rxb3 h5 40. Ra4 Ng4 41. h3 Nxe3 42. Rxe3 Bh6 43. Rd3 Kg7 44. Kf1 Kf6 1-0

[Event "BUL-chT"]
[Site "Bankia"]
[Date "1991.??.??"]
[Round "1"]
[White "Banchev, Borislav"]
[Black "Inkiov, Ventzislav"]
[Result "1-0"]
[WhiteElo "2245"]
[BlackElo "2475"]
[PlyCount "59"]
[EventDate "1991.??.??"]
[EventType "team"]
[EventRounds "8"]
[EventCountry "BUL"]
[SourceTitle "EXT 1998"]
[Source "ChessBase"]
[SourceDate "1997.11.17"]
[SourceVersion "1"]
[SourceVersionDate "1997.11.17"]
[SourceQuality "1"]

1. d4 Nf6 2. Nf3 e6 3. Bg5 d5 4. e3 c5 5. c3 Nbd7 6. Nbd2 Bd6 7. Bd3 Qb6 8. Qc2 Qc7 9. 0-0 Ng4 10. h3 h6 11. Bf4 Ngf6 12. Bxd6 Qxd6 13. e4 dxe4 14. Nxe4 Nxe4 15. Bxe4 Nf6 16. Rfd1 0-0 17. Rd2 Rb8 18. Rad1 b6 19. dxc5 Qxc5 20. Rd8 Ba6 21. Rxb8 Rxb8 22. Qa4 Nxe4 23. Qxe4 Qc7 24. Qa4 Bb7 25. Rd7 b5 26. Qd4 Qb6 27. Qf4 Rf8 28. Ne5 f5 29. Qg3 g5 30. h4 1-0

[Event "BUL-ch 22nd"]
[Site "Pazardzik"]
[Date "1991.??.??"]
[Round "4"]
[White "Banchev, Borislav"]
[Black "Pantev, Veselin"]
[Result "1/2-1/2"]
[WhiteElo "2245"]
[BlackElo "2265"]
[PlyCount "64"]
[EventDate "1991.??.??"]
[EventType "swiss"]
[EventRounds "10"]
[EventCountry "BUL"]
[SourceTitle "TD"]
[Source "ChessBase"]
[SourceDate "1994.03.01"]
[SourceVersion "1"]
[SourceVersionDate "1994.03.01"]
[SourceQuality "1"]

1. d4 Nf6 2. Nf3 e6 3. c4 Bb4+ 4. Nbd2 b6 5. g3 Bb7 6. Bg2 0-0 7. 0-0 Re8 8. Qc2 d6 9. e4 e5 10. d5 c6 11. Nh4 b5 12. a3 Bc5 13. Nb3 Bb6 14. cxb5 cxd5 15. exd5 a6 16. Nf5 axb5 17. Qd2 Bc8 18. Nxg7 Kxg7 19. Qh6+ Kg8 20. Bg5 Nbd7 21. Bh3 Ra4 22. Rac1 Bb7 23. Rc6 Rg4 24. Bxg4 Nxg4 25. Qh4 Ndf6 26. h3 h6 27. hxg4 hxg5 28. Qxg5+ Kf8 29. Rxb6 Qxb6 30. Qxf6 Bxd5 31. Rd1 Bxb3 32. Rxd6 Qc5 1/2-1/2

[Event "Teteven op"]
[Site "Teteven"]
[Date "1991.??.??"]
[Round "6"]
[White "Janchev, Petar"]
[Black "Banchev, Borislav"]
[Result "1-0"]
[WhiteElo "2295"]
[BlackElo "2245"]
[PlyCount "113"]
[EventDate "1991.??.??"]
[EventType "swiss"]
[EventRounds "11"]
[EventCountry "BUL"]
[SourceTitle "EXT 1997"]
[Source "ChessBase"]
[SourceDate "1996.11.15"]
[SourceVersion "1"]
[SourceVersionDate "1996.11.15"]
[SourceQuality "1"]

1. e4 e6 2. d4 d5 3. e5 c5 4. Nf3 cxd4 5. Bd3 Nc6 6. 0-0 Nge7 7. Bf4 Ng6 8. Bg3 Qb6 9. Nbd2 Qxb2 10. Nb3 Bd7 11. h4 Be7 12. h5 Nf8 13. Qd2 0-0-0 14. Qf4 Be8 15. Ng5 Nd7 16. Nf3 g5 17. hxg6 hxg6 18. Rab1 Qc3 19. Nfxd4 g5 20. Qg4 Ndxe5 21. Qe2 Nxd3 22. cxd3 Nxd4 23. Qe3 Nc6 24. Rfc1 d4 25. Qe4 Qb4 26. Qe5 Bd6 27. Qxh8 Bxg3 28. fxg3 Qd6 29. Nc5 b6 30. Ne4 Qc7 31. Qf6 Kb7 32. Qxg5 Rd5 33. Qf4 Qxf4 34. gxf4 Ne7 35. Rc5 Rd8 36. Rc2 Nd5 37. g3 Ne3 38. Rcc1 Bc6 39. Rb2 Bxe4 40. dxe4 f5 41. e5 Nd5 42. Kf2 Nc3 43. Kf3 Kc6 44. Rd2 Rd5 45. g4 fxg4+ 46. Kxg4 Kc5 47. Kg5 Kb4 48. Kg6 Ne4 49. Rdd1 d3 50. Rc6 Nc5 51. Kf6 Rd4 52. f5 Rf4 53. Rxe6 Nxe6 54. Kxe6 Kc3 55. f6 Kc2 56. Rg1 d2 57. f7 1-0

[Event "Teteven op"]
[Site "Teteven"]
[Date "1991.??.??"]
[Round "2"]
[White "Latinov, Georgi"]
[Black "Banchev, Borislav"]
[Result "0-1"]
[WhiteElo "2235"]
[BlackElo "2245"]
[PlyCount "66"]
[EventDate "1991.??.??"]
[EventType "swiss"]
[EventRounds "11"]
[EventCountry "BUL"]
[SourceTitle "EXT 1997"]
[Source "ChessBase"]
[SourceDate "1996.11.15"]
[SourceVersion "1"]
[SourceVersionDate "1996.11.15"]
[SourceQuality "1"]

1. e4 e6 2. d4 d5 3. Nc3 Nf6 4. e5 Nfd7 5. f4 c5 6. Nf3 Nc6 7. Be3 a6 8. a3 b5 9. dxc5 Bxc5 10. Nd4 Qb6 11. Nce2 b4 12. axb4 Qxb4+ 13. Kf2 Nxd4 14. c3 Qxb2 15. cxd4 Be7 16. Rb1 Qa3 17. h4 0-0 18. Rh3 Qa5 19. Ng3 Qd8 20. Kg1 a5 21. Bd3 f5 22. exf6 Nxf6 23. Nh5 Ne4 24. Ng3 e5 25. Nxe4 Bxh3 26. gxh3 exf4 27. Ng5 Bxg5 28. Qh5 Bh6 29. Bf2 a4 30. Bc2 Kh8 31. Qf3 Qd6 32. h5 Bg5 33. h4 Bd8 0-1

[Event "Toulouse op"]
[Site "Toulouse"]
[Date "1990.??.??"]
[Round "3"]
[White "Andruet, Gilles"]
[Black "Banchev, Borislav"]
[Result "1/2-1/2"]
[WhiteElo "2355"]
[BlackElo "2240"]
[PlyCount "82"]
[EventDate "1990.??.??"]
[EventType "swiss"]
[EventRounds "9"]
[EventCountry "FRA"]
[SourceTitle "EXT 1997"]
[Source "ChessBase"]
[SourceDate "1996.11.15"]
[SourceVersion "1"]
[SourceVersionDate "1996.11.15"]
[SourceQuality "1"]

1. d4 e6 2. c4 d5 3. Nf3 Nf6 4. Nc3 Be7 5. Bg5 0-0 6. e3 b6 7. cxd5 Nxd5 8. Nxd5 exd5 9. Bxe7 Qxe7 10. Rc1 Be6 11. Bd3 g6 12. Qc2 Rc8 13. 0-0 c5 14. dxc5 bxc5 15. e4 d4 16. b3 Nd7 17. Ba6 Rd8 18. Nd2 Qd6 19. Bb5 Rac8 20. f4 f6 21. Rce1 Kg7 22. Qd3 Rf8 23. Qg3 Qb6 24. Bd3 Qa5 25. Nc4 Bxc4 26. Bxc4 Rce8 27. h4 Re7 28. Re2 Rfe8 29. Rfe1 Nb6 30. Bd3 Qc3 31. Rc2 Qa5 32. Rec1 Nd7 33. h5 Qb6 34. hxg6 hxg6 35. b4 Qxb4 36. e5 Nf8 37. Rxc5 fxe5 38. fxe5 Qd2 39. Re1 Qxa2 40. Qf4 Rf7 41. Qg3 Qd2 1/2-1/2

[Event "Cannes op"]
[Site "Cannes"]
[Date "1990.??.??"]
[Round "2"]
[White "Banchev, Borislav"]
[Black "Geiser, Alexander"]
[Result "1-0"]
[WhiteElo "2240"]
[BlackElo "2045"]
[PlyCount "79"]
[EventDate "1990.02.??"]
[EventType "swiss"]
[EventRounds "9"]
[EventCountry "FRA"]
[SourceTitle "EXT 1997"]
[Source "ChessBase"]
[SourceDate "1996.11.15"]
[SourceVersion "1"]
[SourceVersionDate "1996.11.15"]
[SourceQuality "1"]

1. d4 Nf6 2. Nf3 g6 3. Bg5 Bg7 4. Nbd2 d6 5. e4 Nbd7 6. Be2 c6 7. 0-0 0-0 8. Rc1 e5 9. dxe5 Nxe5 10. Nxe5 dxe5 11. c3 Qc7 12. a4 a6 13. Bc4 Rb8 14. a5 Kh8 15. b4 Nd7 16. Nb3 f6 17. Be3 f5 18. Nc5 Nxc5 19. Bxc5 Rf6 20. Qb3 fxe4 21. Rcd1 Bf5 22. Bb6 Qe7 23. Be3 Qc7 24. Rd2 Rd6 25. Rfd1 Rxd2 26. Rxd2 Qe7 27. Qd1 Bf6 28. Bc5 Qe8 29. g4 Be6 30. Bxe6 Qxe6 31. Rd6 Qf7 32. Rd7 Qe6 33. Qd6 Qxd6 34. Rxd6 Kg7 35. Rd7+ Kh6 36. Kg2 Bg5 37. Ba7 Rd8 38. Rxb7 Rd2 39. Bc5 e3 40. Bf8# 1-0

[Event "Cannes op"]
[Site "Cannes"]
[Date "1990.??.??"]
[Round "4"]
[White "Banchev, Borislav"]
[Black "Kaabi, Mejdi"]
[Result "1-0"]
[WhiteElo "2240"]
[BlackElo "2330"]
[PlyCount "76"]
[EventDate "1990.02.??"]
[EventType "swiss"]
[EventRounds "9"]
[EventCountry "FRA"]
[SourceTitle "EXT 1997"]
[Source "ChessBase"]
[SourceDate "1996.11.15"]
[SourceVersion "1"]
[SourceVersionDate "1996.11.15"]
[SourceQuality "1"]

1. d4 Nf6 2. Nf3 g6 3. Bg5 Bg7 4. Nbd2 0-0 5. e4 d6 6. Be2 h6 7. Bh4 g5 8. Bg3 Nh5 9. c3 Nd7 10. 0-0 Nxg3 11. hxg3 c5 12. d5 Rb8 13. a4 Nf6 14. Qc2 b6 15. Bc4 Qc7 16. Rfe1 Qb7 17. Bb5 e5 18. Be2 a6 19. Nc4 Ne8 20. Ne3 b5 21. axb5 axb5 22. Nh2 Nf6 23. Nhg4 Nxe4 24. Qxe4 f5 25. Qd3 c4 26. Qd2 fxg4 27. Bxg4 Bxg4 28. Nxg4 Rf7 29. Ne3 h5 30. g4 hxg4 31. Nxg4 Rf4 32. f3 Rbf8 33. Re4 Rxe4 34. fxe4 Qb6+ 35. Kh2 Rf4 36. g3 Rf8 37. Qxg5 Qd8 38. Qg6 Qe7 1-0

[Event "Toulouse op"]
[Site "Toulouse"]
[Date "1990.??.??"]
[Round "8"]
[White "Banchev, Borislav"]
[Black "Salaun, Yann"]
[Result "1-0"]
[WhiteElo "2240"]
[BlackElo "2215"]
[PlyCount "55"]
[EventDate "1990.??.??"]
[EventType "swiss"]
[EventRounds "9"]
[EventCountry "FRA"]
[SourceTitle "EXT 1997"]
[Source "ChessBase"]
[SourceDate "1996.11.15"]
[SourceVersion "1"]
[SourceVersionDate "1996.11.15"]
[SourceQuality "1"]

1. d4 e6 2. c4 Nf6 3. Nf3 b6 4. g3 Bb7 5. Bg2 Bb4+ 6. Bd2 Be7 7. 0-0 0-0 8. Nc3 d5 9. Ne5 Nbd7 10. Qa4 Nxe5 11. dxe5 Nd7 12. cxd5 Nc5 13. Qc4 b5 14. Qxb5 exd5 15. Be3 c6 16. Qb4 a5 17. Qd4 Nd7 18. Rac1 Re8 19. f4 Bc5 20. Qd2 d4 21. Bxd4 Nxe5 22. e3 Nc4 23. Qf2 Bxd4 24. exd4 Ne3 25. Rfe1 Qxd4 26. Rcd1 Qa7 27. Rd3 Nxg2 28. Rxe8+ 1-0

[Event "Val Thorens op"]
[Site "Val Thorens"]
[Date "1990.??.??"]
[Round "6"]
[White "Banchev, Borislav"]
[Black "Zolnierowicz, Krzysztof"]
[Result "1/2-1/2"]
[WhiteElo "2240"]
[BlackElo "2400"]
[PlyCount "82"]
[EventDate "1990.??.??"]
[EventType "swiss"]
[EventRounds "9"]
[EventCountry "FRA"]
[SourceTitle "EXT 1999"]
[Source "ChessBase"]
[SourceDate "1998.11.16"]
[SourceVersion "1"]
[SourceVersionDate "1998.11.16"]
[SourceQuality "1"]

1. d4 d5 2. Nf3 e6 3. c4 c5 4. cxd5 exd5 5. Nc3 Nc6 6. g3 Nf6 7. Bg2 Be7 8. 0-0 0-0 9. Bg5 cxd4 10. Nxd4 h6 11. Be3 Re8 12. Qb3 Na5 13. Qc2 Bf8 14. Rad1 Bg4 15. h3 Bh5 16. Nf5 Qc8 17. g4 Bg6 18. Bd4 Ne4 19. Qa4 Nxc3 20. Bxc3 Nc4 21. Ng3 Qc6 22. Qxc6 bxc6 23. b3 Nd6 24. Rc1 Ne4 25. Nxe4 Bxe4 26. Bxe4 Rxe4 27. e3 Ba3 28. Rc2 a5 29. Bd4 c5 30. Ba1 a4 31. bxa4 Rexa4 32. Rd1 Bb4 33. Rxd5 Rxa2 34. Rxa2 Rxa2 35. Rd8+ Kh7 36. Be5 f6 37. Bf4 g5 38. Bd6 Rd2 39. Be7 c4 40. Rxd2 Bxd2 41. Bxf6 c3 1/2-1/2

[Event "Cannes op"]
[Site "Cannes"]
[Date "1990.??.??"]
[Round "1"]
[White "Spraggett, Kevin"]
[Black "Banchev, Borislav"]
[Result "1-0"]
[WhiteElo "2555"]
[BlackElo "2240"]
[PlyCount "65"]
[EventDate "1990.02.??"]
[EventType "swiss"]
[EventRounds "9"]
[EventCountry "FRA"]
[SourceTitle "EXT 1997"]
[Source "ChessBase"]
[SourceDate "1996.11.15"]
[SourceVersion "1"]
[SourceVersionDate "1996.11.15"]
[SourceQuality "1"]

1. c4 e6 2. Nc3 d5 3. d4 Be7 4. cxd5 exd5 5. Bf4 c6 6. e3 Bf5 7. g4 Be6 8. h3 Bd6 9. Nge2 Ne7 10. Bxd6 Qxd6 11. Nf4 Ng6 12. Nxe6 Qxe6 13. Qb3 Qe7 14. h4 Qc7 15. 0-0-0 Nd7 16. h5 Ngf8 17. Kb1 Ne6 18. Bd3 Qb6 19. Qc2 h6 20. Bf5 Ndf8 21. e4 Qa5 22. Rhe1 0-0-0 23. exd5 cxd5 24. Nxd5+ Kb8 25. Nc3 Nxd4 26. Rxd4 Rxd4 27. Re8+ Rd8 28. Qa4 Qb6 29. Qf4+ Ka8 30. Nd5 Qa5 31. Nc7+ Qxc7 32. Qxc7 Rxe8 33. Bc8 1-0

[Event "Val Thorens op-B"]
[Site "Val Thorens"]
[Date "1989.??.??"]
[Round "8"]
[White "Banchev, Borislav"]
[Black "Praud, Jean Luc"]
[Result "1-0"]
[WhiteElo "2390"]
[BlackElo "2265"]
[PlyCount "77"]
[EventDate "1989.??.??"]
[EventType "swiss"]
[EventRounds "9"]
[EventCountry "FRA"]
[SourceTitle "EXT 1997"]
[Source "ChessBase"]
[SourceDate "1996.11.15"]
[SourceVersion "1"]
[SourceVersionDate "1996.11.15"]
[SourceQuality "1"]

1. d4 d5 2. Nf3 c5 3. c3 cxd4 4. cxd4 Nc6 5. Nc3 Nf6 6. Bf4 Bg4 7. Ne5 Qb6 8. Nxc6 bxc6 9. Qd2 e6 10. e3 Nd7 11. Rc1 Rc8 12. Na4 Qb7 13. a3 f6 14. Qa5 e5 15. Bg3 Qc7 16. Qc3 Qd6 17. Ba6 Rc7 18. b4 Qe6 19. Nc5 Bxc5 20. bxc5 0-0 21. Qa5 Rcc8 22. Bxc8 Rxc8 23. 0-0 h5 24. Qxa7 g5 25. f3 Bf5 26. Qb7 Rb8 27. Qc7 h4 28. Bf2 h3 29. g4 Bd3 30. Rfe1 f5 31. Qd6 Qf7 32. dxe5 fxg4 33. e6 Qxf3 34. Qg3 Ne5 35. e4 Bxe4 36. Rxe4 dxe4 37. Re1 Kg7 38. Qxe5+ Kg6 39. Qxe4+ 1-0

[Event "Val Thorens op-B"]
[Site "Val Thorens"]
[Date "1989.??.??"]
[Round "5"]
[White "Prie, Eric"]
[Black "Banchev, Borislav"]
[Result "1-0"]
[WhiteElo "2335"]
[BlackElo "2390"]
[PlyCount "57"]
[EventDate "1989.??.??"]
[EventType "swiss"]
[EventRounds "9"]
[EventCountry "FRA"]
[SourceTitle "EXT 1997"]
[Source "ChessBase"]
[SourceDate "1996.11.15"]
[SourceVersion "1"]
[SourceVersionDate "1996.11.15"]
[SourceQuality "1"]

1. e4 e6 2. d4 d5 3. e5 c5 4. c3 Nc6 5. Nf3 Bd7 6. Be2 cxd4 7. cxd4 Nge7 8. 0-0 Nf5 9. g4 Nh4 10. Nxh4 Qxh4 11. Be3 Qd8 12. Nc3 h5 13. gxh5 Ne7 14. Bg5 Qa5 15. a3 Nf5 16. Bg4 g6 17. Bxf5 gxf5 18. Bf6 Rh7 19. Kh1 Rc8 20. Rg1 Rc4 21. Rg8 Qb6 22. Qg1 Qxb2 23. Bg7 Rxg7 24. Qxg7 Qxa1+ 25. Kg2 Qxa3 26. h6 Rxc3 27. h7 Rh3 28. Qxf8+ Qxf8 29. Kxh3 1-0

[Event "Berliner Sommer 07th"]
[Site "Berlin West"]
[Date "1989.??.??"]
[Round "?"]
[White "Uhlmann, Wolfgang"]
[Black "Banchev, Borislav"]
[Result "1-0"]
[WhiteElo "2515"]
[BlackElo "2390"]
[PlyCount "111"]
[EventDate "1989.08.12"]
[EventType "swiss"]
[EventRounds "9"]
[EventCountry "GER"]
[SourceTitle "EXT 2008"]
[Source "ChessBase"]
[SourceDate "2007.11.25"]
[SourceVersion "1"]
[SourceVersionDate "2007.11.25"]
[SourceQuality "1"]

1. c4 e6 2. Nc3 d5 3. d4 Nf6 4. cxd5 Nxd5 5. e4 Nxc3 6. bxc3 Be7 7. Nf3 0-0 8. Bd3 c5 9. 0-0 cxd4 10. cxd4 b6 11. Bf4 Ba6 12. Rc1 Bd6 13. Bxd6 Qxd6 14. Bxa6 Nxa6 15. Qa4 Nb4 16. Rc3 b5 17. Qa5 f5 18. e5 Qe7 19. Rc5 Nd5 20. Rxb5 Rab8 21. h4 h6 22. Rc1 Qd7 23. Rbc5 Rb2 24. Qa3 Rfb8 25. g3 Qf7 26. Rc8+ Kh7 27. Rxb8 Rxb8 28. Ne1 f4 29. Qd3+ Qg6 30. h5 Qxd3 31. Nxd3 fxg3 32. fxg3 Rb7 33. Kf2 g6 34. Rc6 Re7 35. Nc5 Nc7 36. g4 gxh5 37. gxh5 Kg8 38. Kf3 Kf7 39. Ke4 Ke8 40. a4 Kf7 41. Rd6 Ke8 42. Nb7 Rd7 43. Rc6 Rg7 44. Nd6+ Kd8 45. Nb5 Nxb5 46. axb5 Re7 47. d5 exd5+ 48. Kxd5 Rb7 49. Kc5 Rd7 50. e6 Rb7 51. Kd6 Rb8 52. e7+ Ke8 53. Ke6 Ra8 54. Rd6 a5 55. b6 a4 56. b7 1-0